[Event "wgm"]
[Site "?"]
[Date "2015.09.24"]
[Round "8.2"]
[White "Kashlinskaya, Alina"]
[Black "Szczepkowska-horowska, Karina"]
[Result "1/2-1/2"]
[BlackElo "2395"]
[WhiteElo "2424"]
[LiveChessVersion "1.4.4"]

1. d4 {[%clk 1:30:57]} Nf6 {[%clk 1:30:26]} 2. c4 {[%clk 1:31:22]} e6
{[%clk 1:30:51]} 3. Nc3 {[%clk 1:31:47]} Bb4 {[%clk 1:30:57]} 4. Qc2
{[%clk 1:31:48]} O-O {[%clk 1:30:28]} 5. a3 {[%clk 1:32:12]} Bxc3+
{[%clk 1:30:49]} 6. Qxc3 {[%clk 1:32:38]} d6 {[%clk 1:29:44]} 7. Nf3
{[%clk 1:32:47]} Nc6 {[%clk 1:26:25]} 8. Bg5 {[%clk 1:27:41]} h6 {[%clk 1:26:26]}
9. Bh4 {[%clk 1:27:57]} g5 {[%clk 1:26:39]} 10. Bg3 {[%clk 1:28:14]} Ne4
{[%clk 1:26:57]} 11. Qc2 {[%clk 1:27:42]} f5 {[%clk 1:26:49]} 12. e3
{[%clk 1:27:31]} Qf6 {[%clk 1:26:00]} 13. O-O-O {[%clk 1:27:15]} e5
{[%clk 1:20:33]} 14. Be2 {[%clk 1:10:33]} a5 {[%clk 1:17:10]} 15. d5
{[%clk 0:57:01]} Nb8 {[%clk 1:08:40]} 16. Ne1 {[%clk 0:53:30]} Bd7
{[%clk 1:05:19]} 17. f3 {[%clk 0:48:04]} Nxg3 {[%clk 1:02:38]} 18. hxg3
{[%clk 0:48:29]} Na6 {[%clk 1:02:58]} 19. Qc3 {[%clk 0:43:22]} Nc5
{[%clk 1:00:00]} 20. b3 {[%clk 0:43:11]} Rae8 {[%clk 0:48:08]} 21. Nd3
{[%clk 0:41:00]} e4 {[%clk 0:46:01]} 22. Qxf6 {[%clk 0:41:12]} Nxb3+
{[%clk 0:44:49]} 23. Kb2 {[%clk 0:41:06]} Rxf6 {[%clk 0:45:11]} 24. Kxb3
{[%clk 0:41:11]} exd3 {[%clk 0:45:37]} 25. Rxd3 {[%clk 0:41:28]} Kg7
{[%clk 0:43:31]} 26. Kc3 {[%clk 0:39:44]} Rf7 {[%clk 0:40:39]} 27. Kd2
{[%clk 0:38:45]} Rfe7 {[%clk 0:40:25]} 28. Rb3 {[%clk 0:37:52]} b6
{[%clk 0:40:30]} 29. Bd1 {[%clk 0:35:26]} Bc8 {[%clk 0:33:56]} 30. Bc2
{[%clk 0:35:02]} Rh8 {[%clk 0:32:30]} 31. Rbb1 {[%clk 0:27:59]} Rhe8
{[%clk 0:31:44]} 32. Rb3 {[%clk 0:24:41]} Rh8 {[%clk 0:31:18]} 33. Rbb1
{[%clk 0:25:03]} Rhe8 {[%clk 0:31:43]} 34. Rb3 1/2-1/2

[Event "wgm"]
[Site "?"]
[Date "2015.09.24"]
[Round "8.3"]
[White "Girya, Olga"]
[Black "Zawadzka, Jolanta"]
[Result "1/2-1/2"]
[BlackElo "2430"]
[WhiteElo "2483"]
[LiveChessVersion "1.4.4"]

1. Nf3 {[%clk 1:30:57]} d5 {[%clk 1:30:49]} 2. g3 {[%clk 1:31:23]} Bg4
{[%clk 1:30:56]} 3. Bg2 {[%clk 1:31:47]} c6 {[%clk 1:31:18]} 4. O-O
{[%clk 1:31:48]} Nd7 {[%clk 1:30:57]} 5. d4 {[%clk 1:31:59]} Ngf6
{[%clk 1:28:42]} 6. Nbd2 {[%clk 1:32:06]} e6 {[%clk 1:28:10]} 7. Re1
{[%clk 1:32:27]} Bd6 {[%clk 1:23:00]} 8. e4 {[%clk 1:31:45]} dxe4
{[%clk 1:22:42]} 9. Nxe4 {[%clk 1:32:13]} Nxe4 {[%clk 1:23:03]} 10. Rxe4
{[%clk 1:32:40]} Nf6 {[%clk 1:20:33]} 11. Re1 {[%clk 1:32:56]} O-O
{[%clk 1:19:56]} 12. c3 {[%clk 1:29:37]} h6 {[%clk 1:12:17]} 13. Qb3
{[%clk 1:26:52]} Qc7 {[%clk 1:09:17]} 14. Ne5 {[%clk 1:25:08]} Rad8
{[%clk 1:05:47]} 15. Nc4 {[%clk 1:03:00]} Be7 {[%clk 1:04:42]} 16. Bf4
{[%clk 1:03:13]} Qc8 {[%clk 1:04:58]} 17. a4 {[%clk 1:01:00]} Nd5
{[%clk 1:01:24]} 18. Bd2 {[%clk 1:00:12]} Rfe8 {[%clk 0:57:11]} 19. a5
{[%clk 0:53:52]} Bf5 {[%clk 0:52:26]} 20. Ne5 {[%clk 0:50:31]} Bf6
{[%clk 0:40:38]} 21. c4 {[%clk 0:47:43]} Ne7 {[%clk 0:39:10]} 22. Bc3
{[%clk 0:47:32]} a6 {[%clk 0:39:11]} 23. Rad1 {[%clk 0:38:26]} Qc7
{[%clk 0:36:12]} 24. h3 {[%clk 0:33:44]} h5 {[%clk 0:24:40]} 25. Bb4
{[%clk 0:33:36]} Bxe5 {[%clk 0:20:48]} 26. dxe5 {[%clk 0:29:07]} c5
{[%clk 0:21:13]} 27. Bc3 {[%clk 0:28:40]} Nc6 28. Qb6 {[%clk 0:25:15]} Qe7
{[%clk 0:14:49]} 29. Rd6 {[%clk 0:14:02]} Rxd6 {[%clk 0:13:43]} 30. exd6
{[%clk 0:14:29]} Qxd6 {[%clk 0:13:39]} 31. Qxb7 {[%clk 0:14:48]} Nd4
{[%clk 0:10:46]} 32. Qb6 {[%clk 0:12:58]} Rd8 {[%clk 0:10:46]} 33. Qxd6
{[%clk 0:07:20]} Rxd6 {[%clk 0:08:09]} 34. Bb7 {[%clk 0:06:51]} Rd7
{[%clk 0:04:53]} 35. Bg2 {[%clk 0:06:51]} Bd3 {[%clk 0:03:53]} 36. Re5
{[%clk 0:03:58]} Ne2+ {[%clk 0:03:53]} 37. Kh2 {[%clk 0:04:26]} Nxc3
{[%clk 0:04:14]} 38. bxc3 {[%clk 0:04:47]} Rc7 {[%clk 0:04:36]} 39. Rxh5
{[%clk 0:04:55]} f6 {[%clk 0:04:23]} 40. f4 {[%clk 0:30:55]} g6 {[%clk 0:32:55]}
41. Rh4 {[%clk 0:30:30]} f5 {[%clk 0:31:48]} 42. g4 {[%clk 0:28:32]} Bxc4
{[%clk 0:30:57]} 43. Bf3 {[%clk 0:25:41]} Kg7 {[%clk 0:30:00]} 44. g5
{[%clk 0:26:03]} Rd7 {[%clk 0:22:45]} 45. Rh6 {[%clk 0:26:28]} Rd3
{[%clk 0:22:22]} 46. Kg2 {[%clk 0:26:56]} Rxc3 {[%clk 0:21:34]} 47. h4
{[%clk 0:27:22]} Ra3 {[%clk 0:18:15]} 48. h5 {[%clk 0:27:33]} gxh5
{[%clk 0:18:39]} 49. Bxh5 {[%clk 0:26:07]} Bd5+ {[%clk 0:19:05]} 50. Kf2
{[%clk 0:23:56]} c4 {[%clk 0:15:58]} 51. Rg6+ {[%clk 0:22:21]} Kh7
{[%clk 0:09:42]} 52. Rh6+ {[%clk 0:22:46]} Kg7 {[%clk 0:10:10]} 53. Rg6+
{[%clk 0:23:13]} Kh7 {[%clk 0:07:55]} 54. Rh6+ 1/2-1/2

[Event "wgm"]
[Site "?"]
[Date "2015.09.24"]
[Round "8.4"]
[White "Bulmaga, Irina"]
[Black "Socko, Monika"]
[Result "0-1"]
[BlackElo "2456"]
[WhiteElo "2372"]
[LiveChessVersion "1.4.4"]

1. e4 {[%clk 1:30:54]} c5 {[%clk 1:30:57]} 2. Nf3 {[%clk 1:31:14]} Nc6
{[%clk 1:31:22]} 3. d4 {[%clk 1:31:37]} cxd4 {[%clk 1:31:21]} 4. Nxd4
{[%clk 1:32:00]} g6 {[%clk 1:31:35]} 5. c4 {[%clk 1:32:15]} Nf6 {[%clk 1:31:09]}
6. Nc3 {[%clk 1:32:36]} Nxd4 {[%clk 1:31:22]} 7. Qxd4 {[%clk 1:32:58]} d6
{[%clk 1:31:46]} 8. Bg5 {[%clk 1:33:02]} Bg7 {[%clk 1:32:07]} 9. Be2
{[%clk 1:33:13]} O-O {[%clk 1:32:29]} 10. Qd2 {[%clk 1:33:34]} a5
{[%clk 1:31:22]} 11. Rc1 {[%clk 1:32:21]} a4 {[%clk 1:30:02]} 12. f3
{[%clk 1:29:10]} Be6 {[%clk 1:25:38]} 13. Rc2 {[%clk 1:20:19]} Nd7
{[%clk 1:16:52]} 14. O-O {[%clk 1:18:46]} Ne5 {[%clk 1:09:23]} 15. Nd5
{[%clk 1:08:34]} Nc6 {[%clk 1:05:18]} 16. Be3 {[%clk 1:08:56]} Qa5
{[%clk 0:59:36]} 17. b4 {[%clk 0:40:47]} axb3 {[%clk 0:57:23]} 18. axb3
{[%clk 0:41:15]} Qxd2 {[%clk 0:49:45]} 19. Rxd2 {[%clk 0:41:43]} Ra3
{[%clk 0:47:14]} 20. Rb1 {[%clk 0:41:39]} Rfa8 {[%clk 0:44:42]} 21. Rdd1
{[%clk 0:35:02]} Bxd5 {[%clk 0:36:21]} 22. Rxd5 {[%clk 0:28:34]} Nb4
{[%clk 0:35:47]} 23. Rd2 {[%clk 0:12:01]} Na2 {[%clk 0:32:41]} 24. Bf1
{[%clk 0:08:57]} Nc3 {[%clk 0:32:07]} 25. Rc1 {[%clk 0:09:01]} Rxb3
{[%clk 0:26:21]} 26. Rd3 {[%clk 0:09:12]} Rba3 {[%clk 0:18:44]} 27. c5
{[%clk 0:08:19]} Be5 {[%clk 0:15:18]} 28. f4 {[%clk 0:07:11]} Bg7
{[%clk 0:13:28]} 29. e5 {[%clk 0:07:06]} Ne4 {[%clk 0:10:13]} 30. Rxa3
{[%clk 0:07:08]} Rxa3 {[%clk 0:10:38]} 31. cxd6 {[%clk 0:07:26]} exd6
{[%clk 0:11:07]} 32. exd6 {[%clk 0:06:04]} Bf6 {[%clk 0:10:45]} 33. Bb6
{[%clk 0:03:38]} Rb3 {[%clk 0:10:20]} 34. Bf2 {[%clk 0:02:03]} Nxd6
{[%clk 0:09:42]} 35. Rc7 {[%clk 0:02:23]} Rb1 {[%clk 0:07:46]} 36. g3
{[%clk 0:01:51]} Ne4 {[%clk 0:07:44]} 37. Be3 {[%clk 0:00:45]} Re1
{[%clk 0:07:43]} 38. Bf2 {[%clk 0:00:49]} Rb1 {[%clk 0:07:14]} 39. Be3
{[%clk 0:01:14]} Rb3 {[%clk 0:04:52]} 40. Bf2 {[%clk 0:31:19]} b5
{[%clk 0:34:37]} 41. Ba7 {[%clk 0:17:39]} Rb1 {[%clk 0:30:48]} 42. Kg2
{[%clk 0:17:25]} Rb2+ {[%clk 0:28:10]} 43. Kh3 {[%clk 0:17:26]} h5
{[%clk 0:25:52]} 44. Bd3 {[%clk 0:14:54]} Nd2 {[%clk 0:21:28]} 45. g4
{[%clk 0:04:38]} Rb3 {[%clk 0:18:15]} 46. Rd7 {[%clk 0:05:01]} Nf3
{[%clk 0:17:24]} 47. g5 {[%clk 0:01:30]} Ne1 {[%clk 0:16:23]} 48. gxf6
{[%clk 0:00:45]} Rxd3+ {[%clk 0:16:49]} 0-1

[Event "wgm"]
[Site "?"]
[Date "2015.09.24"]
[Round "8.5"]
[White "Foisor, Cristina-adela"]
[Black "Mkrtchian, Lilit"]
[Result "1/2-1/2"]
[BlackElo "2440"]
[WhiteElo "2361"]
[LiveChessVersion "1.4.4"]

1. c4 {[%clk 1:30:56]} Nf6 {[%clk 1:29:20]} 2. g3 {[%clk 1:31:08]} e6
{[%clk 1:29:23]} 3. Bg2 {[%clk 1:31:32]} c5 {[%clk 1:29:38]} 4. Nf3
{[%clk 1:31:41]} Qc7 {[%clk 1:29:23]} 5. O-O {[%clk 1:31:25]} a6 {[%clk 1:29:31]}
6. Nc3 {[%clk 1:30:07]} d6 {[%clk 1:29:49]} 7. b3 {[%clk 1:27:19]} b6
{[%clk 1:30:06]} 8. Bb2 {[%clk 1:27:11]} Bb7 {[%clk 1:30:31]} 9. e3
{[%clk 1:24:46]} Be7 {[%clk 1:30:40]} 10. d4 {[%clk 1:24:39]} O-O
{[%clk 1:30:13]} 11. Qe2 {[%clk 1:22:24]} Ne4 {[%clk 1:28:36]} 12. Rfd1
{[%clk 1:18:51]} Nd7 {[%clk 1:28:41]} 13. d5 {[%clk 1:15:25]} Nxc3
{[%clk 1:27:45]} 14. Bxc3 {[%clk 1:15:51]} exd5 {[%clk 1:27:09]} 15. cxd5
{[%clk 1:16:15]} b5 {[%clk 1:16:32]} 16. Rac1 {[%clk 1:15:30]} Bf6
{[%clk 1:15:47]} 17. Be1 {[%clk 1:02:35]} Rfe8 {[%clk 1:08:05]} 18. h4
{[%clk 1:01:54]} Qd8 {[%clk 0:56:29]} 19. Nh2 {[%clk 1:00:26]} g6
{[%clk 0:56:13]} 20. Qc2 {[%clk 0:51:23]} b4 {[%clk 0:43:31]} 21. e4
{[%clk 0:51:18]} Bg7 {[%clk 0:43:41]} 22. Ng4 {[%clk 0:50:51]} a5
{[%clk 0:42:37]} 23. Ne3 {[%clk 0:47:43]} a4 {[%clk 0:41:11]} 24. h5
{[%clk 0:42:07]} axb3 {[%clk 0:30:42]} 25. axb3 {[%clk 0:42:32]} Ba6
{[%clk 0:30:49]} 26. hxg6 {[%clk 0:41:17]} hxg6 {[%clk 0:31:15]} 27. f4
{[%clk 0:40:50]} Bb5 {[%clk 0:26:14]} 28. Bf2 {[%clk 0:39:06]} Ra6
{[%clk 0:24:47]} 29. Nc4 {[%clk 0:33:38]} Qa8 {[%clk 0:16:06]} 30. e5
{[%clk 0:23:47]} Ra2 {[%clk 0:15:17]} 31. Qb1 {[%clk 0:18:08]} Bxc4
{[%clk 0:15:35]} 32. Rxc4 {[%clk 0:17:34]} dxe5 {[%clk 0:15:12]} 33. d6
{[%clk 0:16:42]} Qa3 {[%clk 0:09:27]} 34. f5 {[%clk 0:15:16]} Rb2
{[%clk 0:07:33]} 35. Qc1 {[%clk 0:10:38]} gxf5 {[%clk 0:07:34]} 36. Bc6
{[%clk 0:09:59]} Rd8 {[%clk 0:03:05]} 37. Bxd7 {[%clk 0:05:34]} Rxd7
{[%clk 0:03:19]} 38. Rxc5 {[%clk 0:05:56]} Qxb3 {[%clk 0:00:56]} 39. Kg2
{[%clk 0:03:19]} Rd8 {[%clk 0:00:41]} 40. d7 {[%clk 0:32:41]} e4 {[%clk 0:31:01]}
41. Rxf5 {[%clk 0:27:14]} Qe6 {[%clk 0:25:20]} 42. Qc7 {[%clk 0:20:32]} Bf6
{[%clk 0:24:32]} 43. Qc5 {[%clk 0:16:04]} e3 {[%clk 0:16:19]} 44. Rg5+
{[%clk 0:08:58]} Bg7 {[%clk 0:16:42]} 45. Rxg7+ {[%clk 0:09:09]} Kxg7
{[%clk 0:17:09]} 46. Qg5+ {[%clk 0:09:32]} Qg6 {[%clk 0:17:31]} 47. Qxe3
{[%clk 0:09:49]} Qf6 {[%clk 0:12:32]} 48. Kg1 {[%clk 0:07:23]} Qxf2+
{[%clk 0:06:29]} 1/2-1/2

[Event "wgm"]
[Site "?"]
[Date "2015.09.24"]
[Round "9.1"]
[White "Zawadzka, Jolanta"]
[Black "Kashlinskaya, Alina"]
[Result "0-1"]
[BlackElo "2424"]
[WhiteElo "2430"]
[LiveChessVersion "1.4.4"]

1. e4 {[%clk 1:30:58]} e6 {[%clk 1:30:56]} 2. d4 {[%clk 1:31:22]} d5
{[%clk 1:31:22]} 3. Nc3 {[%clk 1:31:47]} Bb4 {[%clk 1:31:47]} 4. e5
{[%clk 1:32:11]} Ne7 {[%clk 1:32:11]} 5. Bd2 {[%clk 1:32:34]} b6 {[%clk 1:32:36]}
6. Nce2 {[%clk 1:32:50]} Bxd2+ {[%clk 1:33:00]} 7. Qxd2 {[%clk 1:33:16]} Ba6
{[%clk 1:33:20]} 8. h4 {[%clk 1:33:39]} c5 {[%clk 1:33:32]} 9. h5
{[%clk 1:33:56]} h6 {[%clk 1:33:50]} 10. f4 {[%clk 1:34:11]} Nbc6
{[%clk 1:34:03]} 11. Nf3 {[%clk 1:34:10]} Nf5 {[%clk 1:33:41]} 12. c3
{[%clk 1:31:47]} Rc8 {[%clk 1:26:36]} 13. Rh3 {[%clk 1:28:37]} Bxe2
{[%clk 1:12:08]} 14. Bxe2 {[%clk 1:28:36]} Qd7 {[%clk 1:12:03]} 15. g4
{[%clk 1:25:57]} Nfe7 {[%clk 1:12:24]} 16. Kf2 {[%clk 1:20:25]} c4
{[%clk 1:00:00]} 17. Bd1 {[%clk 1:14:24]} Kd8 {[%clk 0:55:39]} 18. Bc2
{[%clk 1:13:39]} Kc7 {[%clk 0:55:54]} 19. Nh4 {[%clk 1:07:10]} Rhf8
{[%clk 0:52:27]} 20. Rf3 {[%clk 1:04:09]} f6 {[%clk 0:51:16]} 21. Qe3
{[%clk 0:52:38]} Rce8 {[%clk 0:47:40]} 22. Kg3 {[%clk 0:50:58]} Kb7
{[%clk 0:42:28]} 23. Re1 {[%clk 0:50:49]} Qc7 {[%clk 0:34:52]} 24. Kh3
{[%clk 0:47:40]} Qd7 {[%clk 0:33:40]} 25. Qe2 {[%clk 0:41:38]} a6
{[%clk 0:32:50]} 26. exf6 {[%clk 0:40:48]} Rxf6 {[%clk 0:33:03]} 27. Re3
{[%clk 0:39:53]} Ref8 {[%clk 0:21:31]} 28. f5 {[%clk 0:35:36]} exf5
{[%clk 0:20:39]} 29. Rxe7 {[%clk 0:34:33]} Nxe7 {[%clk 0:21:02]} 30. Qxe7
{[%clk 0:34:58]} fxg4+ {[%clk 0:21:15]} 31. Kg3 {[%clk 0:35:11]} Qxe7
{[%clk 0:16:10]} 32. Rxe7+ {[%clk 0:35:34]} Kb8 {[%clk 0:16:10]} 33. Ng6
{[%clk 0:31:47]} Rf3+ {[%clk 0:14:21]} 34. Kxg4 {[%clk 0:32:03]} R8f7
{[%clk 0:14:37]} 35. Rxf7 {[%clk 0:31:10]} Rxf7 {[%clk 0:15:03]} 36. Bf5
{[%clk 0:31:31]} Kc7 {[%clk 0:15:04]} 37. Be6 {[%clk 0:20:29]} Rf2
{[%clk 0:15:26]} 38. Bxd5 {[%clk 0:20:53]} b5 {[%clk 0:15:20]} 39. b3
{[%clk 0:14:35]} b4 {[%clk 0:15:16]} 40. bxc4 {[%clk 0:33:30]} bxc3
{[%clk 0:45:34]} 41. Be4 {[%clk 0:33:59]} c2 {[%clk 0:45:19]} 42. Bxc2
{[%clk 0:34:25]} Rxc2 {[%clk 0:45:44]} 43. Ne5 {[%clk 0:34:54]} Rxa2
{[%clk 0:45:31]} 44. Kf5 {[%clk 0:35:17]} Rd2 {[%clk 0:41:53]} 45. d5
{[%clk 0:30:31]} a5 {[%clk 0:37:38]} 46. Nc6 {[%clk 0:25:40]} a4 {[%clk 0:37:16]}
47. Na7 {[%clk 0:25:50]} Kb6 {[%clk 0:33:37]} 48. Nb5 {[%clk 0:26:12]} Kc5
{[%clk 0:33:46]} 49. Na3 {[%clk 0:21:05]} Kb4 {[%clk 0:32:46]} 50. Ke6
{[%clk 0:21:05]} Kxa3 {[%clk 0:31:04]} 51. c5 {[%clk 0:21:21]} Kb4
{[%clk 0:30:55]} 52. c6 {[%clk 0:21:47]} Rc2 {[%clk 0:30:44]} 53. Ke7
{[%clk 0:21:06]} a3 {[%clk 0:30:31]} 54. d6 {[%clk 0:21:32]} Rxc6
{[%clk 0:30:56]} 55. d7 {[%clk 0:21:57]} Rc7 {[%clk 0:31:23]} 0-1

[Event "wgm"]
[Site "?"]
[Date "2015.09.24"]
[Round "9.2"]
[White "Mkrtchian, Lilit"]
[Black "Bulmaga, Irina"]
[Result "1/2-1/2"]
[BlackElo "2372"]
[WhiteElo "2440"]
[LiveChessVersion "1.4.4"]

1. c4 {[%clk 1:30:54]} c5 {[%clk 1:30:52]} 2. g3 {[%clk 1:30:49]} g6
{[%clk 1:31:13]} 3. Bg2 {[%clk 1:31:13]} Bg7 {[%clk 1:31:35]} 4. Nc3
{[%clk 1:31:33]} Nc6 {[%clk 1:31:57]} 5. e3 {[%clk 1:31:43]} e5 {[%clk 1:31:58]}
6. d3 {[%clk 1:30:38]} d6 {[%clk 1:31:17]} 7. Qd2 {[%clk 1:29:29]} Nge7
{[%clk 1:31:01]} 8. b3 {[%clk 1:29:07]} a6 {[%clk 1:25:56]} 9. Bb2
{[%clk 1:29:00]} Rb8 {[%clk 1:26:17]} 10. Nge2 {[%clk 1:27:27]} O-O
{[%clk 1:23:18]} 11. O-O {[%clk 1:26:40]} h6 {[%clk 1:08:02]} 12. h3
{[%clk 1:17:40]} Be6 {[%clk 1:06:42]} 13. Nd5 {[%clk 1:17:57]} b5
{[%clk 0:57:27]} 14. Kh2 {[%clk 1:16:57]} Qd7 {[%clk 0:51:39]} 15. Rae1
{[%clk 1:13:33]} Bxd5 {[%clk 0:46:12]} 16. cxd5 {[%clk 1:13:58]} Nb4
{[%clk 0:46:00]} 17. Nc3 {[%clk 1:11:15]} a5 {[%clk 0:46:24]} 18. Ba1
{[%clk 0:55:11]} Na6 {[%clk 0:44:37]} 19. e4 {[%clk 0:39:02]} a4 {[%clk 0:39:04]}
20. bxa4 {[%clk 0:37:38]} bxa4 {[%clk 0:36:10]} 21. Nd1 {[%clk 0:34:19]} f5
{[%clk 0:25:35]} 22. Nb2 {[%clk 0:33:03]} f4 {[%clk 0:21:18]} 23. Nc4
{[%clk 0:31:59]} h5 {[%clk 0:16:21]} 24. h4 {[%clk 0:29:19]} Bh6 {[%clk 0:11:49]}
25. Qd1 {[%clk 0:26:27]} Kh7 {[%clk 0:10:08]} 26. Bh3 {[%clk 0:24:57]} Qd8
{[%clk 0:10:37]} 27. Bc3 {[%clk 0:24:03]} Ng8 {[%clk 0:06:19]} 28. Qxa4
{[%clk 0:23:10]} Nb4 {[%clk 0:05:35]} 29. Qa7+ {[%clk 0:14:28]} Bg7
{[%clk 0:04:03]} 30. Bxb4 {[%clk 0:09:26]} cxb4 {[%clk 0:02:40]} 31. Qd7
{[%clk 0:09:19]} Qxd7 {[%clk 0:02:24]} 32. Bxd7 {[%clk 0:09:46]} Ra8
{[%clk 0:02:10]} 33. Re2 {[%clk 0:07:48]} fxg3+ {[%clk 0:02:23]} 34. Kxg3
{[%clk 0:08:13]} Rf4 {[%clk 0:01:48]} 35. f3 {[%clk 0:07:37]} Bf6
{[%clk 0:01:44]} 36. Rh2 {[%clk 0:07:44]} Rf8 {[%clk 0:01:30]} 37. Be6
{[%clk 0:04:28]} Be7 {[%clk 0:01:59]} 38. Na5 {[%clk 0:02:05]} Bd8
{[%clk 0:00:55]} 39. Nc6 {[%clk 0:02:08]} Bb6 {[%clk 0:01:24]} 40. Nxb4
{[%clk 0:31:17]} Nh6 {[%clk 0:31:34]} 41. Bh3 {[%clk 0:18:00]} Bd8
{[%clk 0:30:03]} 42. Bg2 1/2-1/2

[Event "wgm"]
[Site "?"]
[Date "2015.09.24"]
[Round "9.3"]
[White "Gaponenko, Inna"]
[Black "Girya, Olga"]
[Result "1-0"]
[BlackElo "2483"]
[WhiteElo "2402"]
[LiveChessVersion "1.4.4"]

1. e4 {[%clk 1:30:57]} c6 {[%clk 1:30:56]} 2. d4 {[%clk 1:31:23]} d5
{[%clk 1:31:22]} 3. exd5 {[%clk 1:31:49]} cxd5 {[%clk 1:31:48]} 4. c4
{[%clk 1:32:16]} Nf6 {[%clk 1:32:13]} 5. Nc3 {[%clk 1:32:41]} e6 {[%clk 1:32:25]}
6. Nf3 {[%clk 1:33:06]} Bb4 {[%clk 1:32:41]} 7. cxd5 {[%clk 1:33:29]} Nxd5
{[%clk 1:33:05]} 8. Bd2 {[%clk 1:33:54]} Nc6 {[%clk 1:32:11]} 9. Bd3
{[%clk 1:34:18]} O-O {[%clk 1:32:07]} 10. O-O {[%clk 1:34:37]} Be7
{[%clk 1:32:21]} 11. Nxd5 {[%clk 1:30:20]} exd5 {[%clk 1:32:09]} 12. Qb3
{[%clk 1:30:45]} Bf6 {[%clk 1:31:55]} 13. Rfe1 {[%clk 1:24:07]} Be6
{[%clk 1:17:19]} 14. Qxb7 {[%clk 0:50:19]} Nxd4 {[%clk 1:16:57]} 15. Ne5
{[%clk 0:50:43]} Qb8 {[%clk 0:56:01]} 16. Qxb8 {[%clk 0:49:51]} Raxb8
{[%clk 0:56:26]} 17. Rac1 {[%clk 0:21:17]} Rfc8 {[%clk 0:52:13]} 18. Rxc8+
{[%clk 0:16:39]} Rxc8 {[%clk 0:52:17]} 19. f4 {[%clk 0:15:42]} Bd8
{[%clk 0:43:34]} 20. Be3 {[%clk 0:07:47]} Bb6 {[%clk 0:42:31]} 21. Kf1
{[%clk 0:05:53]} g6 {[%clk 0:39:04]} 22. h3 {[%clk 0:02:26]} Rc7 {[%clk 0:28:46]}
23. g4 {[%clk 0:01:41]} Bc8 {[%clk 0:28:59]} 24. Kf2 {[%clk 0:00:40]} Kg7
{[%clk 0:20:26]} 25. Nf3 {[%clk 0:00:50]} Ne6 {[%clk 0:15:45]} 26. Bxb6
{[%clk 0:01:15]} axb6 {[%clk 0:16:10]} 27. Kg3 {[%clk 0:01:00]} Ra7
{[%clk 0:15:45]} 28. f5 {[%clk 0:00:38]} gxf5 {[%clk 0:13:27]} 29. gxf5
{[%clk 0:01:07]} Nc5 {[%clk 0:13:52]} 30. Bb1 {[%clk 0:01:35]} Kf6
{[%clk 0:12:58]} 31. Nd4 {[%clk 0:00:37]} Ra4 {[%clk 0:11:45]} 32. Rd1
{[%clk 0:00:58]} Ne4+ {[%clk 0:09:41]} 33. Bxe4 {[%clk 0:00:56]} dxe4
{[%clk 0:10:10]} 34. a3 {[%clk 0:00:41]} Bxf5 {[%clk 0:09:23]} 35. Nxf5
{[%clk 0:01:07]} Kxf5 {[%clk 0:09:50]} 36. Rd5+ {[%clk 0:01:34]} Ke6
{[%clk 0:08:22]} 37. Rb5 {[%clk 0:02:00]} Rd4 {[%clk 0:01:58]} 38. Kf4
{[%clk 0:00:51]} Rd6 {[%clk 0:01:18]} 39. Kxe4 {[%clk 0:01:11]} f6
{[%clk 0:00:55]} 40. a4 {[%clk 0:30:44]} Rc6 {[%clk 0:31:05]} 41. b3
{[%clk 0:30:59]} Rd6 {[%clk 0:28:43]} 42. Rh5 {[%clk 0:20:07]} Rd1
{[%clk 0:26:02]} 43. Rb5 {[%clk 0:20:17]} Rd6 {[%clk 0:25:57]} 44. h4
{[%clk 0:15:02]} Rc6 {[%clk 0:22:13]} 45. Ke3 {[%clk 0:15:12]} Rd6
{[%clk 0:21:35]} 46. Ke4 {[%clk 0:10:08]} Rc6 {[%clk 0:21:50]} 47. Rb4
{[%clk 0:09:19]} Rd6 {[%clk 0:14:15]} 48. Rc4 {[%clk 0:09:38]} Kf7
{[%clk 0:06:53]} 49. b4 {[%clk 0:09:02]} Kg6 {[%clk 0:07:00]} 50. b5
{[%clk 0:08:57]} Rd1 {[%clk 0:06:55]} 51. Rd4 {[%clk 0:07:40]} Rc1
{[%clk 0:05:41]} 52. Kd5 {[%clk 0:08:06]} Kf5 {[%clk 0:04:52]} 53. Kd6
{[%clk 0:05:08]} Rc8 {[%clk 0:04:15]} 54. Rb4 {[%clk 0:05:21]} h5
{[%clk 0:04:02]} 55. a5 {[%clk 0:04:51]} bxa5 {[%clk 0:04:20]} 56. Ra4
{[%clk 0:05:17]} Rc1 {[%clk 0:02:50]} 57. b6 {[%clk 0:05:26]} Rd1+
{[%clk 0:01:55]} 58. Kc7 {[%clk 0:05:18]} Rc1+ {[%clk 0:02:16]} 59. Kb8
{[%clk 0:05:37]} Rb1 {[%clk 0:01:56]} 60. b7 {[%clk 0:06:00]} Ke5
{[%clk 0:00:56]} 61. Ka7 {[%clk 0:06:22]} f5 {[%clk 0:00:54]} 62. b8=Q+
{[%clk 0:06:41]} Rxb8 {[%clk 0:01:21]} 63. Kxb8 {[%clk 0:07:05]} 1-0

[Event "wgm"]
[Site "?"]
[Date "2015.09.24"]
[Round "9.4"]
[White "Socko, Monika"]
[Black "Majdan-gajewska, Joanna"]
[Result "0-1"]
[BlackElo "2391"]
[WhiteElo "2456"]
[LiveChessVersion "1.4.4"]

1. e4 {[%clk 1:30:58]} c5 {[%clk 1:30:54]} 2. Nf3 {[%clk 1:31:24]} Nc6
{[%clk 1:31:06]} 3. Bb5 {[%clk 1:30:39]} Nf6 {[%clk 1:29:50]} 4. d3
{[%clk 1:28:23]} Qa5+ {[%clk 1:26:42]} 5. Nc3 {[%clk 1:28:45]} Nd4
{[%clk 1:27:08]} 6. Ba4 {[%clk 1:24:37]} b5 {[%clk 1:22:02]} 7. Bb3
{[%clk 1:25:04]} Nxb3 {[%clk 1:19:06]} 8. cxb3 {[%clk 1:25:29]} d6
{[%clk 1:18:14]} 9. O-O {[%clk 1:24:13]} b4 {[%clk 1:18:26]} 10. Ne2
{[%clk 1:24:16]} Ba6 {[%clk 1:16:13]} 11. Bg5 {[%clk 1:13:39]} Qb5
{[%clk 1:15:21]} 12. Nc1 {[%clk 1:12:10]} Nd7 {[%clk 1:15:48]} 13. Bf4
{[%clk 1:09:20]} g6 {[%clk 1:03:29]} 14. Nd2 {[%clk 1:03:30]} Bg7
{[%clk 1:03:47]} 15. Nc4 {[%clk 1:03:56]} O-O {[%clk 1:01:46]} 16. Qd2
{[%clk 1:03:54]} Rfd8 {[%clk 1:02:03]} 17. Bh6 {[%clk 0:56:52]} Bh8
{[%clk 1:02:17]} 18. f4 {[%clk 0:49:58]} d5 {[%clk 0:59:28]} 19. exd5
{[%clk 0:48:23]} Nf6 {[%clk 0:59:53]} 20. d6 {[%clk 0:47:01]} exd6
{[%clk 0:59:20]} 21. f5 {[%clk 0:41:04]} Qc6 {[%clk 0:49:44]} 22. Qg5
{[%clk 0:33:49]} Nh5 {[%clk 0:44:04]} 23. fxg6 {[%clk 0:28:02]} hxg6
{[%clk 0:44:17]} 24. Ne2 {[%clk 0:27:44]} Rd7 {[%clk 0:33:57]} 25. Nf4
{[%clk 0:24:49]} Nxf4 {[%clk 0:33:11]} 26. Rxf4 {[%clk 0:25:02]} Re8
{[%clk 0:32:55]} 27. Rf6 {[%clk 0:22:38]} Bb7 {[%clk 0:28:39]} 28. Raf1
{[%clk 0:15:37]} Bxf6 {[%clk 0:29:04]} 29. Rxf6 {[%clk 0:16:05]} Re1+
{[%clk 0:26:35]} 30. Rf1 {[%clk 0:12:19]} Re2 {[%clk 0:22:21]} 31. Rf2
{[%clk 0:12:48]} Rxf2 {[%clk 0:17:11]} 32. Kxf2 {[%clk 0:13:17]} Qd5
{[%clk 0:17:35]} 33. Qg3 {[%clk 0:12:49]} Qd4+ {[%clk 0:17:34]} 34. Kf1
{[%clk 0:11:29]} d5 {[%clk 0:16:38]} 35. Ne5 {[%clk 0:10:48]} Rd6
{[%clk 0:15:04]} 36. Be3 {[%clk 0:05:23]} Rf6+ {[%clk 0:14:13]} 37. Kg1
{[%clk 0:03:47]} Qxb2 {[%clk 0:14:37]} 38. h4 {[%clk 0:04:13]} Qa1+
{[%clk 0:09:33]} 39. Kh2 {[%clk 0:04:29]} Rf1 {[%clk 0:09:43]} 40. Qg5
{[%clk 0:34:52]} Qe1 {[%clk 0:39:54]} 41. Bf2 {[%clk 0:29:30]} Qxf2
{[%clk 0:38:26]} 42. Nf3 {[%clk 0:29:54]} d4 {[%clk 0:36:50]} 43. Qe5
{[%clk 0:28:12]} Bxf3 {[%clk 0:37:07]} 44. Qe8+ {[%clk 0:28:39]} Kg7 0-1